000 00322nam a2200133Ia 4500
008 231019s9999 xx 000 0 und d
082 _a954.9
_bAKR-P
100 _aMuhammad Akram
245 0 _aPakistan Studies
260 _aLahore, Pakistan
_bAzeem Academy
_c2018
300 _a242
650 _aPak Studies
999 _c34614
_d34614